Práticas pedagógicas do professor de educaçao física (Record no. 849507)

000 -CABECERA
Campo de control de longitud fija 00615nab a2200157 4500
003 - IDENTIFICADOR DEL NÚMERO DE CONTROL
Campo de control ES-SlBCS
005 - FECHA Y HORA DE LA ÚLTIMA TRANSACCIÓN
Campo de control 20210327231206.0
008 - CÓDIGOS DE INFORMACIÓN DE LONGITUD FIJA
Campo de control de longitud fija 141106s2014 br ||||| |||| 00| 0 por d
040 ## - FUENTE DE LA CATALOGACIÓN
Centro catalogador del origen ES-SlBCS
Lengua de catalogación spa
100 1# - PUNTO DE ACCESO PRINCIPAL-NOMBRE DE PERSONA
Nombre de persona Gomes Ferreira, António
9 (RLIN) 406990
245 10 - MENCIÓN DE TÍTULO
Título Práticas pedagógicas do professor de educaçao física
Resto del título : Entre a formaçao e o contexto vivido
Mención de responsabilidad, etc. António Gomes Ferreira ; José António Moreira
650 04 - PUNTO DE ACCESO ADICIONAL DE MATERIA-TÉRMINO DE MATERIA
Término de materia o nombre geográfico como elemento inicial Educación Física
9 (RLIN) 106336
700 1# - PUNTO DE ACCESO ADICIONAL-NOMBRE DE PERSONA
Nombre de persona Moreira, José António
9 (RLIN) 406991
773 0# - ENLACE AL DOCUMENTO FUENTE
Parte(s) relacionada(s) Vol. 28, Nº 56, 2014, págs. 857-885
Título Educaçao e Filosofia
Número de control del registro relacionado Rev1534
Número Internacional Normalizado para Publicaciones Seriadas (ISSN) 0102-6801
942 ## - ENTRADA DE ELEMENTOS AGREGADOS (KOHA)
Fuente de clasificaión o esquema
Koha [por defecto] tipo de item Artículos de revista
Holdings
Suprimido Perdido Fuente de clasificación o esquema Estropeado No para préstamo Localización permanente Localización actual Localización en estantería Fecha adquisición Préstamos totales Fecha última consulta Fecha del precio de reemplazo Tipo de item de Koha
          San Esteban San Esteban Depósito de revistas 06/11/2014   06/11/2014 06/11/2014 Artículos de revista

Bibliotecas Dominicos Provincia Hispania, 2016

Con tecnología Koha